Chicken Little. (Record no. 112004)
[ view plain ]
| 000 -LEADER | |
|---|---|
| fixed length control field | 00311nam a2200133 a 4500 |
| 005 - DATE AND TIME OF LATEST TRANSACTION | |
| control field | 20140414131926.0 |
| 008 - FIXED-LENGTH DATA ELEMENTS--GENERAL INFORMATION | |
| fixed length control field | 101027s19uu xx 00 eng d |
| 050 ## - LIBRARY OF CONGRESS CALL NUMBER | |
| Classification number | ER |
| Item number | C43 2005 |
| 100 ## - MAIN ENTRY--PERSONAL NAME | |
| Personal name | Philipps, Elizabeth |
| 245 ## - TITLE STATEMENT | |
| Title | Chicken Little. |
| 260 ## - PUBLICATION, DISTRIBUTION, ETC. (IMPRINT) | |
| Name of publisher, distributor, etc | Disney, |
| Date of publication, distribution, etc | 2005. |
| Withdrawn status | Lost status | Damaged status | Home library | Current library | Shelving location | Date acquired | Total Checkouts | Full call number | Barcode | Date last seen | Price effective from | Koha item type |
|---|---|---|---|---|---|---|---|---|---|---|---|---|
| Munich Library | Munich Library | Easy Reading Section | 10/27/2010 | ER C43 2005 | M3000 | 04/14/2014 | 04/14/2014 | Books | ||||
| Munich Library | Munich Library | Easy Reading Section | 10/27/2010 | ER C43 2005 | M3001 | 04/14/2014 | 04/14/2014 | Books |